| Tag |
First Indicator |
Second Indicator |
Subfields |
| LEADER |
00000cam a2200000Ia 4500 |
| 001 |
in00002575159 |
| 005 |
20151201114920.0 |
| 008 |
760105s1975 paua b f000 0 eng |
| 035 |
|
|
|a (OCoLC)ocm01911489
|
| 035 |
|
|
|a (OCoLC)1911489
|
| 040 |
|
|
|a AGL
|c AGL
|d RQF
|d OCLCQ
|d SPI
|d TXA
|d UtOrBLW
|
| 049 |
|
|
|a TXAM
|
| 050 |
|
4 |
|a SD11
|b .A455 NE-316 1975
|
| 070 |
0 |
|
|a A99.9
|b F7622Un no.316
|
| 072 |
|
0 |
|a K510
|
| 072 |
|
0 |
|a X200
|
| 082 |
0 |
4 |
|a 634.9
|b Un3117up, no.316
|
| 086 |
0 |
|
|a A 13.78:NE-316
|
| 100 |
1 |
|
|a Martin, A. Jeff.
|
| 245 |
1 |
0 |
|a T-H-A-T-S :
|b timber harvesting and transport simulator with subroutines for Appalachian logging /
|c by A. Jeff Martin.
|
| 264 |
|
1 |
|a Upper Darby, Pa. :
|b Forest Service, U.S. Dept. of Agriculture, Northeastern Forest Experiment Station,
|c 1975.
|
| 300 |
|
|
|a 32 pages :
|b illustrations ;
|c 27 cm.
|
| 336 |
|
|
|a text
|b txt
|2 rdacontent
|
| 337 |
|
|
|a unmediated
|b n
|2 rdamedia
|
| 338 |
|
|
|a volume
|b nc
|2 rdacarrier
|
| 490 |
1 |
|
|a USDA Forest Service research paper NE ;
|v 316
|
| 500 |
|
|
|a Cover title.
|
| 504 |
|
|
|a Includes bibliographical references (page 31).
|
| 650 |
|
0 |
|a Logging
|x Computer simulation.
|
| 740 |
0 |
|
|a Timber harvesting and transport simulator with subroutines for Appalachian logging.
|
| 830 |
|
0 |
|a USDA Forest Service research paper NE ;
|v 316.
|
| 994 |
|
|
|a C0
|b TXA
|
| 948 |
|
|
|a cataloged
|b h
|c 2010/04/08
|e mansari
|f 10:19:49 am
|
| 999 |
|
|
|a MARS
|
| 999 |
f |
f |
|s 88cd279f-ffe2-3dcb-aa06-b0bb43f942da
|i f6f7f908-b104-33be-8a9b-349ac808e625
|t 0
|
| 952 |
f |
f |
|p normal
|a Texas A&M University
|b College Station
|c Sterling C. Evans Library
|d Evans: US Documents (Annex 5th floor)
|t 0
|e A 13.78:NE-295-326
|h Superintendent of Documents classification
|i unmediated -- volume
|k 295-326
|l 1974-1975
|m A14837817095
|
| 952 |
f |
f |
|a Texas A&M University
|b College Station
|c Sterling C. Evans Library
|d Evans: US Documents (Annex 5th floor)
|t 0
|e A 13.78:NE-295-326
|h Superintendent of Documents classification
|
| 998 |
f |
f |
|a A 13.78:NE-295-326
|t 0
|l Evans: US Documents (Annex 5th floor)
|